00521nam a2200181Ia 4500008004100000082001700041100001500058245003700073250000600110260003300116300001000149500002400159650001200183700002300195942000700218952009700225999001700322230524s9999 xx 000 0 und d a537.622bSWA aB.B.Swain  0aPhysics of Semiconductor Devices a1 aNew DelhibSiri Publi.c2013 a420p: aQuantity Number: 1 aPhysics a A.K. Panda943017 cBK 00104070aTATCLbTATCLcGENd2023-05-24l0o537.622 SWAp54251r2023-05-24w2023-05-24yBK c57960d57960